El revés del derecho / (Record no. 141395)

MARC details
000 -LEADER
campo de control de longitud fija 00631nam a2200217 i 4500
001 - NÚMERO DE CONTROL
campo de control 141395
003 - IDENTIFICADOR DE NÚMERO DE CONTROL
campo de control ES-MaACL
005 - FECHA Y HORA DE LA ÚLTIMA TRANSACCIÓN
campo de control 20230906200302.0
007 - CAMPO FIJO DE DESCRIPCIÓN FÍSICA--INFORMACIÓN GENERAL
campo de control de longitud fija t|
008 - DATOS DE LONGITUD FIJA--INFORMACIÓN GENERAL
campo de control de longitud fija 070921s1984 sp ||||1| spa d
100 1# - ENTRADA PRINCIPAL--NOMBRE DE PERSONA
Nombre de persona Vizcaíno Casas, Fernando.
9 (RLIN) 115612
245 13 - MENCIÓN DEL TÍTULO
Título El revés del derecho /
Mención de responsabilidad, etc. Fernando Vizcaíno Casas ; prólogo de Tono.
250 ## - MENCION DE EDICION
Mención de edición [7ª ed.].
260 ## - PUBLICACIÓN, DISTRIBUCIÓN, ETC.
Lugar de publicación, distribución, etc. [Barcelona] :
Nombre del editor, distribuidor, etc. Planeta,
Fecha de publicación, distribución, etc. [1984]
300 ## - DESCRIPCIÓN FÍSICA
Extensión 189 p. ;
Dimensiones 18 cm.
490 1# - MENCIÓN DE SERIE
Mención de serie Fábula ;
Designación de volumen o secuencia 72
700 1# - ENTRADA AGREGADA--NOMBRE PERSONAL
Nombre de persona Tono (
Fechas asociadas al nombre 1896-1978)
9 (RLIN) 110581
830 0# - PUNTO DE ACCESO ADICIONAL DE SERIE-TÍTULO UNIFORME
Título uniforme Fábula ;
Designación de volumen o secuencia 72
9 (RLIN) 179737
852 ## - LOCALIZACIÓN
Ubicación ES-MaACL
Número de control de estantería L-6493
Sublocalización o colección R.107270
Holdings
Estatus retirado Estado de pérdida Estado de daño No para préstamo Biblioteca de origen Biblioteca actual Ubicación en estantería Fecha de adquisición Fuente de adquisición Total de préstamos Signatura topográfica completa Código de barras Visto por última vez Precio de reemplazo Tipo de ítem Koha
        Biblioteca del Ateneo de Madrid Biblioteca del Ateneo de Madrid Depósito 2 17/01/2008     L-6493 1147126 23/02/2023 23/02/2023 Libro impreso